<?xml version="1.0" encoding="UTF-8"?>
<record
    xmlns:xsi="http://www.w3.org/2001/XMLSchema-instance"
    xsi:schemaLocation="http://www.loc.gov/MARC21/slim http://www.loc.gov/standards/marcxml/schema/MARC21slim.xsd"
    xmlns="http://www.loc.gov/MARC21/slim">

  <leader>00364    a2200109   4500</leader>
  <controlfield tag="001">ART_2614</controlfield>
  <controlfield tag="005">20260410161718.0</controlfield>
  <controlfield tag="008">260409a                                 </controlfield>
  <datafield tag="245" ind1="1" ind2="0">
    <subfield code="a">Los efectos de la invalidez de los contratos administrativos en la jurisprudencia</subfield>
  </datafield>
  <datafield tag="100" ind1="1" ind2=" ">
    <subfield code="a">Ugolini, Daniela</subfield>
  </datafield>
  <datafield tag="773" ind1="0" ind2=" ">
    <subfield code="t">Derecho administrativo</subfield>
    <subfield code="g">- N&#xBA; 75 (ene./mar. 2011)</subfield>
    <subfield code="w">REV1721</subfield>
  </datafield>
  <datafield tag="999" ind1=" " ind2=" ">
    <subfield code="c">16678</subfield>
    <subfield code="d">16678</subfield>
  </datafield>
</record>
